Central Library OPAC University of Rajshahi

Meanings and rituals of birth in rural Bangladesh : (Record no. 34062)

MARC details
000 -LEADER
fixed length control field 01110nam a2200301 a 4500
001 - CONTROL NUMBER
control field 34062
003 - CONTROL NUMBER IDENTIFIER
rucl marc code BD-RjUL
005 - DATE AND TIME OF LATEST TRANSACTION
control field 20211209052112.0
008 - FIXED-LENGTH DATA ELEMENTS--GENERAL INFORMATION
fixed length control field 140512s1984 bg b 001 0 eng
035 ## - SYSTEM CONTROL NUMBER
System control number (BD-RjUL)34156
040 ## - CATALOGING SOURCE
Original cataloging agency DLC
Transcribing agency DLC
Modifying agency BD-RjUL
Language of cataloging eng
041 ## - LANGUAGE CODE
Language code of text/sound track or separate title eng
082 00 - DEWEY DECIMAL CLASSIFICATION NUMBER
Classification number 392.12095492
Edition number 19
Author mark and year BLM 1984
100 1# - MAIN ENTRY--PERSONAL NAME
Personal name Blanchet, Thérèse.
9 (RLIN) 103524
245 10 - TITLE STATEMENT
Title Meanings and rituals of birth in rural Bangladesh :
Remainder of title women, pollution, and marginality /
Statement of responsibility, etc. Thérèse Blanchet.
260 ## - PUBLICATION, DISTRIBUTION, ETC. (IMPRINT)
Place of publication, distribution, etc. Dhaka, Bangladesh :
Name of publisher, distributor, etc. University Press,
Date of publication, distribution, etc. c1984.
300 ## - PHYSICAL DESCRIPTION
Pagination viii, 163 p. ;
Size 22 cm.
500 ## - GENERAL NOTE
General note Running title: Women, pollution, and marginality.
504 ## - BIBLIOGRAPHY, ETC. NOTE
Bibliography, etc Bibliography: p. 157-160.
Bibliography, etc Includes index.
650 #0 - SUBJECT ADDED ENTRY--TOPICAL TERM
Topical term or geographic name as entry element Birth customs
Geographic subdivision Bangladesh
-- Jamālpur (Subdivision).
9 (RLIN) 103525
Topical term or geographic name as entry element Childbirth
Geographic subdivision Bangladesh
-- Jamālpur (Subdivision)
9 (RLIN) 103526
Topical term or geographic name as entry element Women
Geographic subdivision Bangladesh
-- Jamālpur (Subdivision)
9 (RLIN) 103527
651 #0 - SUBJECT ADDED ENTRY--GEOGRAPHIC NAME
Geographic name Jamālpur (Bangladesh : Subdivision)
General subdivision Social life and customs.
9 (RLIN) 103528
942 ## - ADDED ENTRY ELEMENTS (KOHA)
Source of classification or shelving scheme Dewey Decimal Classification
Koha item type Books
Holdings
Lost status Source of classification or shelving scheme Damaged status Not for loan Collection code Permanent Location Current Location Shelving location Date acquired Source of acquisition Cost, normal purchase price Total Checkouts Full call number Date last seen Copy number Koha item type
  Dewey Decimal Classification   Not For Loan Non-fiction Central Library, University of Rajshahi Central Library, University of Rajshahi Reading Room 07/02/1985 University Press 150.00   392.12095492 BLM 1984 12/05/2014 C-1 Books
  Dewey Decimal Classification     Non-fiction Central Library, University of Rajshahi Central Library, University of Rajshahi   07/02/1985 University Press 150.00   392.12095492 BLM 1984 03/08/2016 C-2 Books